Pracovný zošit ku knihe Nenič svoje múdre telo

Bibliographic Details
Main Author: Senková, Eva (Author)
Other Authors: Bartošová, Erika (Translator), Senková, Veronika (Illustrator)
Format: Book
Language:Slovak
PhysicalDescription:55 s., [4] s. fareb. obr. príl. fareb. ilustr. 30 cm
Published: Banská Bystrica Sonus 2002
ISBN:8096883704
Edition:[1. vyd.]
Subjects:

MARC

LEADER 00000nam a2200000 a 4500
001 vtls001459334
003 SK-MaSNL
005 20260302002416.0
008 240313s2002 xo a g slo
015 |a SNBA2003/08-02698 
020 |a 8096883704 
035 |a SNK000414641 
035 |a urn:nbn:sk:snk-amlrzz 
035 |a urn:nbn:sk:snk-am00c9r8 
035 |a 5277079A-F620-4375-A028-5914CA4D3225 
040 |a SNK  |b slo  |c SNK  |e AACR2 
041 0 |a slo 
044 |a xo  |c SK 
072 7 |a 613  |x Hygiena. Ľudské zdravie  |2 konspekt 
080 |a 613.84  |2 1981 
080 |a 613.81  |2 1981 
080 |a 613.81/.84  |2 1981 
080 |a 613  |2 1981 
080 |a (075.2)  |2 1981 
080 |a (076.1)  |2 1981 
100 1 |a Senková, Eva  |4 aut  |9 586550 
245 1 |a Pracovný zošit ku knihe Nenič svoje múdre telo  |c Eva Senková ; ilustrácie: Veronika Senková ; preklad do jazyka rómskeho stredoslovenský dialekt: Erika Bartošová 
246 1 0 |a Pracovno pisanka ki gendi Namosar pro goďaver ťelo 
246 1 1 |a Pracovno pisanka ki gendi Namosar pro goďaver ťelo 
250 |a [1. vyd.] 
260 |a Banská Bystrica  |b Sonus  |c 2002 
300 |a 55 s., [4] s. fareb. obr. príl.  |b fareb. ilustr.  |c 30 cm 
500 |a Súbež. názov a text róm., ilustr. tit. strana 
650 0 7 |a fajčenie  |2 SNKPH  |9 2509 
650 0 7 |a alkoholizmus  |2 SNKPH  |9 14184 
650 0 7 |a drogy  |2 SNKPH  |9 1552 
650 0 7 |a zdravie  |2 SNKPH  |9 16322 
655 7 |a učebnice základných škôl  |2 SNKPH  |9 70187 
655 7 |a pracovné zošity  |2 SNKPH  |9 70188 
700 1 |a Bartošová, Erika  |4 trl  |9 429775 
700 1 |a Senková, Veronika  |4 ill  |9 586551 
919 |a 80-968837-0-4 
968 |d 37 
999 |c 987939  |d 989869 
952 |t P60, <03>, [BOOK], {603}  |a SNK  |b SNK  |y PREZ  |7 0  |p 17A0396200  |o snkSB 67156  |i snkKSP 11483/2003  |0 0  |1 0  |4 0  |d 2003-09-05  |f 1  |l 0  |r 2025-04-16 00:00:00  |w 2026-02-24